[Event "Flint (MI Jr/2)"]
[Site "?"]
[Date "1993.??.??"]
[Round "?"]
[White "Kenworthy, Matt"]
[Black "Holdcraft, J."]
[Result "1-0"]
[WhiteElo "1605"]
[BlackElo "1605"]
[PlyCount "97"]
[EventDate "1993.??.??"]

1. e4 e5 2. Nf3 Nf6 3. Nc3 Bb4 4. d3 d5 5. Bd2 Nc6 6. a3 Bxc3 7. Bxc3 dxe4 8.
Nxe5 Nxe5 9. Bxe5 O-O 10. Bxf6 Qxf6 11. c3 exd3 12. Bxd3 Qe5+ 13. Qe2 Qxe2+ 14.
Bxe2 Re8 15. Rd1 Bg4 16. f3 Bf5 17. Rd2 Re3 18. Kf2 Rae8 19. Rhd1 h6 20. Re1 g5
21. g4 Bg6 22. Rd7 h5 23. h3 R8e7 24. Rxe7 Rxe7 25. c4 Rd7 26. Rd1 Rd6 27. Rxd6
cxd6 28. gxh5 Bxh5 29. f4 Bxe2 30. Kxe2 f6 31. f5 Kf7 32. Kf3 Ke7 33. Kg4 a6
34. Kh5 b5 35. b3 Kf7 36. Kg4 Ke7 37. Kf3 Kd7 38. Ke4 Kc6 39. cxb5+ axb5 40. a4
Kb6 41. axb5 Kc5 42. b4+ Kxb5 43. Kd5 Kxb4 44. Kxd6 Kc4 45. Ke6 Kd4 46. Kxf6 g4
47. hxg4 Ke4 48. g5 Kf4 49. g6 1-0

[Event "East Lansing (MOR/4/37)"]
[Site "?"]
[Date "1993.??.??"]
[Round "?"]
[White "Kenworthy, Matt"]
[Black "Hayes, P."]
[Result "1-0"]
[WhiteElo "1605"]
[BlackElo "1605"]
[PlyCount "45"]
[EventDate "1993.??.??"]

{4/(37)} 1. e4 e5 2. Nf3 Nc6 3. Bc4 Nf6 4. Nc3 Be7 5. d3 d6 6. h3 Na5 7. Bd5 c6
8. Bb3 Nxb3 9. cxb3 O-O 10. O-O Be6 11. Re1 Nh5 12. Re3 Nf4 13. Ne2 Ng6 14. Nc3
f5 15. d4 f4 16. Rd3 Bd7 17. dxe5 Nh4 18. Nxh4 Bxh4 19. Rxd6 Rf7 20. e6 Qb6 21.
exf7+ Kf8 22. Qd2 f3 23. Rxd7 1-0

[Event "Flint (MI Jr/4)"]
[Site "?"]
[Date "1993.??.??"]
[Round "?"]
[White "Kenworthy, Matt"]
[Black "Gramlich, Allen"]
[Result "1-0"]
[WhiteElo "1605"]
[BlackElo "1605"]
[PlyCount "125"]
[EventDate "1993.??.??"]

1. e4 d5 2. Nc3 dxe4 3. Nxe4 Nf6 4. Nxf6+ exf6 5. Bc4 Be6 6. Qe2 Qe7 7. Bd3 Bd5
8. Qxe7+ Bxe7 9. f3 Nc6 10. Ne2 a6 11. Nf4 O-O-O 12. Bf5+ Kb8 13. c3 Rhe8 14.
O-O Bc4 15. d3 Bc5+ 16. Kh1 Be6 17. Be4 Rd6 18. d4 Ba7 19. d5 Bxd5 20. Bxd5 g5
21. Bxc6 Rxc6 22. Nd5 Rd6 23. c4 Bd4 24. Nc3 Rc6 25. Bd2 Rxc4 26. Rae1 Rxe1 27.
Rxe1 Rc6 28. h3 Rd6 29. g3 Bf2 30. Re2 Bxg3 31. Kg2 Be5 32. Ne4 Rd7 33. Bc3
Bxc3 34. bxc3 f5 35. Nxg5 h6 36. Nh7 Rd3 37. Rc2 Rd6 38. Kg3 h5 39. Ng5 f6 40.
Nf7 Rd1 41. Re2 Rd3 42. Rc2 h4+ 43. Kf4 Kc8 44. Nh6 Rd1 45. Nxf5 Rh1 46. Kg4
Rg1+ 47. Kxh4 Rg5 48. Ne3 Kd7 49. f4 Rg7 50. Rg2 Rh7+ 51. Kg4 Rg7+ 52. Kf5 Rh7
53. Rg3 Ke7 54. Nd5+ Kf7 55. Nxf6 Rh8 56. Rd3 Kg7 57. Rd7+ Kh6 58. Rxc7 a5 59.
Rxb7 a4 60. c4 a3 61. Rh7+ Rxh7 62. Nxh7 Kxh7 63. c5 1-0

[Event "Flint (Beg/5)"]
[Site "?"]
[Date "1993.??.??"]
[Round "?"]
[White "Kenworthy, Matt"]
[Black "Bulliner, T."]
[Result "1/2-1/2"]
[WhiteElo "1605"]
[BlackElo "1605"]
[PlyCount "69"]
[EventDate "1993.??.??"]

1. e4 e5 2. Nf3 Nc6 3. d4 exd4 4. Nxd4 Bc5 5. Nxc6 Qf6 6. Qd2 Qxc6 7. Nc3 Nf6
8. f3 d6 9. Bb5 Qxb5 10. Nxb5 O-O 11. Nxc7 Rb8 12. b4 Bb6 13. Qxd6 Bd7 14. Nd5
Nxd5 15. Qxd5 Be6 16. Qe5 Rfe8 17. Bb2 f6 18. Qd6 Rbc8 19. Bd4 Rcd8 20. Qf4
Bxd4 21. Rd1 Bc3+ 22. Ke2 Bc4+ 23. Ke3 Be5 24. Qh4 Bc7 25. Rxd8 Rxd8 26. Qe1
Bb6+ 27. Kf4 Bc7+ 28. Ke3 Bb6+ 29. Kf4 Bc7+ 30. Kg4 Be6+ 31. Kh4 g5+ 32. Kh5
Bf7+ 33. Kg4 Be6+ 34. Kh5 Bf7+ 35. Kg4 1/2-1/2

[Event "East Lansing (MOR/6/35)"]
[Site "?"]
[Date "1993.??.??"]
[Round "?"]
[White "Kenworthy, Matt"]
[Black "Anderson, D."]
[Result "0-1"]
[WhiteElo "1605"]
[BlackElo "1605"]
[PlyCount "70"]
[EventDate "1993.??.??"]

{6/(35)} 1. e4 c5 2. Bc4 e6 3. Nc3 a6 4. a3 Nc6 5. Nf3 Be7 6. d4 cxd4 7. Nxd4
Qc7 8. Be3 Nf6 9. Qd3 O-O 10. O-O-O Ne5 11. Qe2 Nxc4 12. Bg5 Nxa3 13. f4 h6 14.
Qg4 Nxg4 15. Bxe7 Re8 16. Bh4 Qxf4+ 17. Rd2 Nc4 18. Be1 Nxd2 19. Bxd2 Qc7 20.
h3 Nf6 21. Re1 b5 22. Na2 Qc4 23. Nb3 Bb7 24. e5 Nd5 25. g4 Rac8 26. Nc3 b4 27.
Na5 Qc7 28. Nb3 bxc3 29. bxc3 Nxc3 30. Bxc3 Qxc3 31. Re2 Qxb3 32. Kd1 Qb1+ 33.
Kd2 Rxc2+ 34. Ke3 Rxe2+ 35. Kxe2 Qb3 0-1

[Event "Flint (MI Jr/5)"]
[Site "?"]
[Date "1993.??.??"]
[Round "?"]
[White "Kenworthy, Mark"]
[Black "McDonald, J."]
[Result "0-1"]
[WhiteElo "1605"]
[BlackElo "1605"]
[PlyCount "44"]
[EventDate "1993.??.??"]

1. e4 e5 2. Nf3 Nc6 3. d4 exd4 4. Nxd4 Nxd4 5. Qxd4 Nf6 6. Bg5 Be7 7. Bc4 h6 8.
Bxf6 Bxf6 9. Qd5 O-O 10. e5 Bxe5 11. Qxe5 Re8 12. Be6 Rxe6 13. Qxe6 dxe6 14.
O-O Qf6 15. c3 b6 16. Nd2 Bb7 17. f3 Qg5 18. Rad1 Rd8 19. Rf2 Qc5 20. Kf1 Ba6+
21. Ke1 Qe3+ 22. Re2 Qxe2# 0-1

[Event "East Lansing (MOR/7/41)"]
[Site "?"]
[Date "1993.??.??"]
[Round "?"]
[White "Kenworthy, Mark"]
[Black "Kenworthy, Matt"]
[Result "0-1"]
[WhiteElo "1605"]
[BlackElo "1605"]
[PlyCount "94"]
[EventDate "1993.??.??"]

{7/(41)} 1. e4 e5 2. Nf3 Nc6 3. d4 Bd6 4. Bb5 Nge7 5. Bg5 f6 6. Be3 a6 7. dxe5
Bxe5 8. Nxe5 Nxe5 9. Bd3 d5 10. O-O N7c6 11. Nc3 d4 12. Bxd4 Qxd4 13. Nd5 Kd8
14. c3 Qxd3 15. Qxd3 Nxd3 16. b4 Nce5 17. Rad1 Be6 18. f4 Nxf4 19. Rxf4 Bxd5
20. exd5 Kc8 21. d6 b5 22. dxc7 Ra7 23. g4 h6 24. h4 Re8 25. Kf2 Rxc7 26. Rf5
Nxg4+ 27. Kg1 Ne3 28. Re1 Rxc3 29. Rc5+ Rxc5 30. bxc5 f5 31. h5 f4 32. Kf2 Ng4+
33. Kf1 Rd8 34. Re4 Nf6 35. Re5 Rd2 36. a3 Ra2 37. c6 Rxa3 38. Ke1 Rc3 39. Kd2
Rxc6 40. Re7 Nxh5 41. Re8+ Kb7 42. Re7+ Kb6 43. Re1 Ka5 44. Ra1+ Kb4 45. Rb1+
Ka3 46. Ra1+ Kb2 47. Rd1 a5 0-1

[Event "East Lansing (MOR/1b/25)"]
[Site "?"]
[Date "1993.??.??"]
[Round "?"]
[White "Kenworthy, Mark"]
[Black "Iyer, Krishnan"]
[Result "0-1"]
[WhiteElo "1605"]
[BlackElo "1605"]
[PlyCount "118"]
[EventDate "1993.??.??"]

1. e4 e5 2. Nf3 Nc6 3. d3 Bc5 4. Be3 b6 5. Bxc5 bxc5 6. c3 Qf6 7. Qd2 d6 8. h3
Nge7 9. Qe3 O-O 10. Nbd2 Be6 11. Ng5 h6 12. Nxe6 fxe6 13. f3 Qh4+ 14. Kd1 Rab8
15. Rb1 Rb7 16. Nc4 Rfb8 17. b3 a5 18. Kc2 Ng6 19. Rg1 Qe7 20. g3 d5 21. exd5
exd5 22. Nd2 Qd6 23. f4 exf4 24. gxf4 Nxf4 25. d4 cxd4 26. cxd4 Qf6 27. Nf3
Nb4+ 28. Kd2 Nxa2 29. Ne5 c6 30. Ba6 Re7 31. Rbf1 g5 32. Rxf4 Qd6 33. Ke2 c5
34. Rfg4 Qxa6+ 35. Ke1 Qf6 36. Rf1 cxd4 37. Rxf6 dxe3 38. Rg6+ Kh7 39. Nc6 Rc7
40. Nxb8 Kxg6 41. Rg2 Nb4 42. Ke2 Rc2+ 43. Kf3 Rxg2 44. Kxg2 Kf5 45. Kf3 d4 46.
Ke2 Ke6 47. Kf3 Kd6 48. Ke2 Kc7 49. Kf3 Kxb8 50. Ke2 Kc7 51. Kf3 Kd6 52. Ke2
Ke5 53. Kf3 Nd5 54. b4 axb4 55. Ke2 b3 56. h4 b2 57. h5 Ke4 58. Kd1 b1=Q+ 59.
Ke2 Nc3# 0-1

[Event "Flint (MI Jr/1)"]
[Site "?"]
[Date "1993.??.??"]
[Round "?"]
[White "Kenworthy, Mark"]
[Black "Houston, Ryan"]
[Result "0-1"]
[WhiteElo "1605"]
[BlackElo "1605"]
[PlyCount "118"]
[EventDate "1993.??.??"]

1. e4 c5 2. c4 Nc6 3. Nc3 Nf6 4. d3 e6 5. Bg5 Be7 6. Bxf6 Bxf6 7. Qc2 Nb4 8.
Qd2 d5 9. Na4 b6 10. a3 Nc6 11. Nf3 dxe4 12. dxe4 Qxd2+ 13. Nxd2 Bd7 14. Nf3
Nd4 15. Nxd4 cxd4 16. b3 Bxa4 17. bxa4 O-O 18. Rd1 Rfd8 19. f4 Be7 20. Rd3 f6
21. Be2 e5 22. O-O Rac8 23. Rb3 Rc5 24. f5 Ra5 25. Bd1 Rc8 26. Rb5 Rxb5 27.
cxb5 Bxa3 28. Bb3+ Kf8 29. g4 Rd8 30. h4 d3 31. g5 d2 32. gxf6 gxf6 33. Rf3
d1=Q+ 34. Bxd1 Rxd1+ 35. Rf1 Rxf1+ 36. Kxf1 h5 37. Ke2 Ke7 38. Kd3 Kd6 39. Kc4
Bc5 40. Kd3 Bf2 41. Ke2 Bxh4 42. Kf3 Bg5 43. Kg3 Kc5 44. Kh3 Kb4 45. Kg3 Kxa4
46. Kf3 Kxb5 47. Kg2 a5 48. Kf3 a4 49. Kg3 a3 50. Kf3 a2 51. Ke2 a1=Q 52. Kf3
Qc3+ 53. Kg2 Qe3 54. Kh1 Qd2 55. Kg1 Kc4 56. Kf1 Kd3 57. Kg1 Ke3 58. Kh1 Kf3
59. Kg1 Qf2+ 0-1

[Event "East Lansing (MOR/5/44)"]
[Site "?"]
[Date "1993.??.??"]
[Round "?"]
[White "Kenworthy, Mark"]
[Black "Gaiefsky, S."]
[Result "1/2-1/2"]
[WhiteElo "1605"]
[BlackElo "1605"]
[PlyCount "64"]
[EventDate "1993.??.??"]

{5/(44)} 1. e4 g6 2. Nf3 Bg7 3. d4 d6 4. h3 Nf6 5. Bd3 O-O 6. Bg5 Nbd7 7. Qe2
e5 8. g4 c5 9. d5 Qb6 10. b3 Ne8 11. Nfd2 f6 12. Nc4 Qc7 13. Bd2 b6 14. f3 Ba6
15. Nba3 Qb7 16. Qh2 b5 17. Na5 Qb6 18. h4 b4 19. N3c4 Bxc4 20. Bxc4 Qxa5 21.
g5 f5 22. h5 gxh5 23. Qxh5 Nef6 24. gxf6 Nxf6 25. Qh4 f4 26. Kd1 Qc7 27. a4 a5
28. Ke2 Ra7 29. Rag1 Kh8 30. Be1 Qf7 31. Qh3 Rc7 32. Bh4 Nh5 1/2-1/2

[Event "Flint (Beg/2)"]
[Site "?"]
[Date "1993.??.??"]
[Round "?"]
[White "Kenworthy, Mark"]
[Black "Fulmore, T."]
[Result "1-0"]
[WhiteElo "1605"]
[BlackElo "1605"]
[PlyCount "29"]
[EventDate "1993.??.??"]

1. Nf3 Nf6 2. d4 e6 3. e3 Bb4+ 4. c3 Bd6 5. Bd3 O-O 6. e4 Nh5 7. Bg5 Be7 8. h4
Nc6 9. a3 e5 10. Nxe5 Nxe5 11. dxe5 Bxg5 12. Qxh5 d6 13. hxg5 f6 14. gxf6 gxf6
15. Qxh7# 1-0

[Event "Flint (Beg/4)"]
[Site "?"]
[Date "1993.??.??"]
[Round "?"]
[White "Kenworthy, Mark"]
[Black "Foote, Greg"]
[Result "0-1"]
[WhiteElo "1605"]
[BlackElo "1605"]
[PlyCount "122"]
[EventDate "1993.??.??"]

1. Nf3 Nc6 2. d4 d5 3. Nc3 e6 4. e4 Nf6 5. Bg5 Be7 6. e5 Ne4 7. Nxe4 dxe4 8.
Bxe7 Qxe7 9. Ng1 O-O 10. f3 f6 11. f4 fxe5 12. fxe5 Qh4+ 13. g3 Qd8 14. Qe2
Nxd4 15. Qxe4 Rf5 16. O-O-O c5 17. Ne2 Qg5+ 18. Kb1 Rxe5 19. Qd3 Rd5 20. h4 Qd8
21. Bg2 Rd7 22. Nxd4 Rxd4 23. Qf3 Rb8 24. Rhf1 b6 25. g4 Rb7 26. c3 Rxd1+ 27.
Rxd1 Rd7 28. Kc2 Rxd1 29. Qxd1 Qxd1+ 30. Kxd1 e5 31. Bf1 Bxg4+ 32. Kd2 Kf7 33.
b4 cxb4 34. cxb4 Ke6 35. Ke3 Bf5 36. a4 Kd5 37. Kd2 Kd4 38. a5 bxa5 39. bxa5 e4
40. Ke1 e3 41. Bb5 h6 42. Ke2 g5 43. hxg5 hxg5 44. Kf3 Bd3 45. Ba4 e2 46. Kf2
Kc3 47. Ke1 Kb4 48. Be8 Kxa5 49. Kd2 g4 50. Bh5 g3 51. Bf3 Kb4 52. Bg2 a5 53.
Bd5 a4 54. Bb3 Kxb3 55. Ke1 g2 56. Kd2 e1=Q+ 57. Kxe1 g1=Q+ 58. Kd2 Qd4 59. Ke1
Qe3+ 60. Kd1 Qe2+ 61. Kc1 Qc2# 0-1

[Event "Flint (MI Jr/3)"]
[Site "?"]
[Date "1993.??.??"]
[Round "?"]
[White "Kenworthy, Mark"]
[Black "Dowd, P."]
[Result "1-0"]
[WhiteElo "1605"]
[BlackElo "1605"]
[PlyCount "120"]
[EventDate "1993.??.??"]

1. e4 e5 2. Nf3 Nc6 3. d4 exd4 4. Nxd4 d5 5. Bb5 Bd7 6. Bxc6 bxc6 7. Nc3 Nf6 8.
Bg5 c5 9. Bxf6 Qxf6 10. Ndb5 Rb8 11. Nxc7+ Kd8 12. N3xd5 Qxb2 13. Rb1 Qxb1 14.
O-O Qxd1 15. Rxd1 Bd6 16. Na6 Rb5 17. Nc3 Ra5 18. Rxd6 Ke7 19. e5 f6 20. Nd5+
Kd8 21. e6 Re8 22. Rxd7+ Kc8 23. Ne7+ Rxe7 24. Rxe7 Rxa6 25. Rxg7 Rxe6 26. h4
h5 27. g4 hxg4 28. Rxg4 f5 29. Rg5 f4 30. Rxc5+ Kd8 31. Rc4 f3 32. Rc3 Rf6 33.
Ra3 a6 34. Kh2 Rf4 35. Kg3 Rc4 36. Kxf3 Rxh4 37. Rxa6 Rh3+ 38. Ke2 Ke7 39. Rg6
Ra3 40. Rg7+ Kf6 41. Rg3 Rxa2 42. Kd2 Kf5 43. Rf3+ Kg4 44. Rg3+ Kf4 45. Re3 Ra4
46. Kd3 Ra3+ 47. Ke2 Ra4 48. Rh3 Re4+ 49. Re3 Rc4 50. c3 Kg4 51. Rg3+ Kf4 52.
Rh3 Re4+ 53. Kf1 Rc4 54. Rh4+ Ke5 55. Rxc4 Kd5 56. Rd4+ Ke5 57. Ke2 Kf5 58. Ke3
Ke5 59. f4+ Ke6 60. Ke4 Kf6 1-0

[Event "East Lansing (MOR/3/46)"]
[Site "?"]
[Date "1993.??.??"]
[Round "?"]
[White "Kenworthy, Mark"]
[Black "Brelitch, D."]
[Result "0-1"]
[WhiteElo "1605"]
[BlackElo "1605"]
[PlyCount "54"]
[EventDate "1993.??.??"]

{3/(46)} 1. e4 d6 2. d4 Nf6 3. Nc3 g6 4. Bg5 Bg7 5. Nf3 O-O 6. Qd2 Bg4 7. Be2
Nbd7 8. h3 Bxf3 9. Bxf3 Rc8 10. O-O-O c5 11. d5 Qb6 12. Na4 Qc7 13. g4 Ne5 14.
Be2 Nxe4 15. Qf4 Nxg5 16. Qxg5 a6 17. h4 f6 18. Qf4 b5 19. Nc3 Nf7 20. Ne4 Qa5
21. a3 b4 22. Rd3 bxa3 23. Rxa3 Qb4 24. Qh2 Qxe4 25. h5 Bh6+ 26. Kd1 Qb4 27.
hxg6 Qd2# 0-1

[Event "Flint (MI Jr/1)"]
[Site "?"]
[Date "1993.??.??"]
[Round "?"]
[White "Keilh, J."]
[Black "Truong, M."]
[Result "0-1"]
[WhiteElo "1605"]
[BlackElo "1605"]
[PlyCount "54"]
[EventDate "1993.??.??"]

1. e4 d5 2. e5 Bf5 3. d4 e6 4. Nc3 c5 5. Be3 c4 6. Nf3 Nc6 7. Be2 Qb6 8. Na4
Qa5+ 9. c3 b5 10. Nc5 Bxc5 11. dxc5 b4 12. Qd2 bxc3 13. bxc3 Nge7 14. O-O O-O
15. Rab1 Bxb1 16. Rxb1 Rab8 17. Qc2 Rxb1+ 18. Qxb1 Qxc3 19. Ng5 Ng6 20. g3 Rb8
21. Qd1 Rb2 22. Qa4 Ngxe5 23. Qa6 Qa5 24. Qc8+ Qd8 25. Qa6 Rxe2 26. Kf1 Rxe3
27. fxe3 Qxg5 0-1

[Event "Flint (MI Jr/3)"]
[Site "?"]
[Date "1993.??.??"]
[Round "?"]
[White "Keihl, J."]
[Black "Khraizat, Ali"]
[Result "0-1"]
[WhiteElo "1605"]
[BlackElo "1605"]
[PlyCount "89"]
[EventDate "1993.??.??"]

1. e4 e6 2. d4 d5 3. Nc3 c5 4. Be3 cxd4 5. Bxd4 Nc6 6. Nf3 Nxd4 7. Qxd4 Qf6 8.
e5 Qd8 9. Bb5+ Bd7 10. a4 a6 11. Bxd7+ Qxd7 12. O-O Rc8 13. Rad1 Bc5 14. Qg4 f6
15. Qf4 fxe5 16. Qxe5 Nf6 17. Ne2 O-O 18. Nf4 Rce8 19. Ng5 Ng4 20. Qc3 Bxf2+
21. Rxf2 Nxf2 22. Kxf2 Rxf4+ 23. Ke3 Ref8 24. Qd3 g6 25. g3 R4f5 26. h4 h6 27.
Nh3 Rf3+ 28. Ke2 Rxd3 29. Rxd3 Qf7 30. b3 Qf1+ 31. Kd2 Qxh3 32. c4 Rf2+ 33. Kc3
Rg2 34. cxd5 Rxg3 35. Rxg3 Qxg3+ 36. Kc4 exd5+ 37. Kxd5 Qxh4 38. Kc5 g5 39. Kb6
g4 40. Kxb7 g3 41. b4 g2 42. b5 axb5 43. axb5 g1=Q 44. Ka6 Qf6+ 45. Kb7 0-1

[Event "Flint (MI Jr/5)"]
[Site "?"]
[Date "1993.??.??"]
[Round "?"]
[White "Keihl, J."]
[Black "Banks, David"]
[Result "1/2-1/2"]
[WhiteElo "1605"]
[BlackElo "1605"]
[PlyCount "43"]
[EventDate "1993.??.??"]

1. e4 e5 2. Nf3 Nf6 3. d4 Nxe4 4. dxe5 Bc5 5. Bd3 Nxf2 6. Bg5 f6 7. Qd2 Nxh1 8.
Bh4 d6 9. Qf4 dxe5 10. Nxe5 Be6 11. Nc3 Bd4 12. Ng4 Bxg4 13. Qxg4 Bxc3+ 14.
bxc3 Qe7+ 15. Be2 Nc6 16. O-O-O Ne5 17. Qh3 Rd8 18. Rxh1 Qa3+ 19. Kb1 Nc4 20.
Bxc4 g5 21. Re1+ Kf8 22. Qe6 1/2-1/2

[Event "Eastpointe (MI Action/6/5)"]
[Site "?"]
[Date "1993.??.??"]
[Round "?"]
[White "Kebrdle, M."]
[Black "Walker, Douglas"]
[Result "1-0"]
[WhiteElo "2045"]
[BlackElo "1955"]
[PlyCount "61"]
[EventDate "1993.??.??"]

{6/(5)} 1. e4 e6 2. Qe2 Bc5 3. Nf3 Qe7 4. d4 Bb6 5. c4 d6 6. Nc3 c6 7. Bg5 f6
8. Be3 e5 9. Qd2 Bg4 10. Be2 Nd7 11. b4 Bxf3 12. Bxf3 exd4 13. Bxd4 Bxd4 14.
Qxd4 Qe5 15. Qd3 Ne7 16. O-O Rd8 17. Bg4 Ng6 18. g3 O-O 19. f4 Qe7 20. Rae1
Rfe8 21. Bh5 Qf8 22. a3 Nb6 23. Ne2 d5 24. exd5 cxd5 25. c5 Nc4 26. Nd4 Rxe1
27. Rxe1 Re8 28. Rxe8 Qxe8 29. Kf2 Nxf4 30. Bxe8 Nxd3+ 31. Ke2 1-0

[Event "East Lansing (MI Op/2/25)"]
[Site "?"]
[Date "1993.??.??"]
[Round "?"]
[White "Kebrdle, M."]
[Black "Steverson, Bunnard"]
[Result "0-1"]
[WhiteElo "2070"]
[BlackElo "1880"]
[PlyCount "20"]
[EventDate "1993.??.??"]

{2/(25)} 1. e4 e6 2. Nc3 d5 3. Nf3 d4 4. Ne2 c5 5. d3 Nc6 6. c3 e5 7. Ng3 Nf6
8. Be2 Be7 9. O-O O-O 10. Bg5 h6 0-1

[Event "Eastpointe (MI Action/4/6)"]
[Site "?"]
[Date "1993.??.??"]
[Round "?"]
[White "Kebrdle, M."]
[Black "Skidmore, Jennifer"]
[Result "1-0"]
[WhiteElo "2045"]
[BlackElo "1905"]
[PlyCount "93"]
[EventDate "1993.??.??"]

{4/(6)} 1. Nf3 d6 2. d4 Nc6 3. e4 Bg4 4. Be2 e6 5. c4 Nf6 6. Nc3 Be7 7. O-O O-O
8. h3 Bh5 9. Bf4 Bg6 10. d5 exd5 11. exd5 Nb4 12. a3 Na6 13. b4 Nb8 14. Rc1
Nbd7 15. Bd3 Nh5 16. Be3 f5 17. Nd4 Ne5 18. Ne6 Qc8 19. Nxf8 Qxf8 20. f4 Nxd3
21. Qxd3 Ng3 22. Rfe1 Bf6 23. Bd4 Nh5 24. Bxf6 Qxf6 25. Qd2 Qh4 26. Qf2 Qxf2+
27. Kxf2 Nxf4 28. Rcd1 Nh5 29. Re7 Rc8 30. c5 dxc5 31. bxc5 Nf6 32. Nb5 Ne4+
33. Rxe4 fxe4 34. d6 cxd6 35. cxd6 Bf5 36. Nxa7 Ra8 37. Nb5 Bd7 38. Nc3 Rxa3
39. Nxe4 Ra2+ 40. Ke3 Ra5 41. Rc1 Re5 42. Kd4 Ra5 43. Nc5 Bc6 44. d7 Ra8 45.
Ke5 Bxg2 46. h4 Bc6 47. Kd6 $138 1-0

[Event "East Lansing (MI Op/7/12)"]
[Site "?"]
[Date "1993.??.??"]
[Round "?"]
[White "Kebrdle, M."]
[Black "Sanborn, Richard"]
[Result "1/2-1/2"]
[WhiteElo "2070"]
[BlackElo "1835"]
[PlyCount "84"]
[EventDate "1993.??.??"]

{7/(12)} 1. c4 e5 2. Nc3 Nc6 3. g3 f5 4. Bg2 Nf6 5. e3 Bb4 6. Nge2 O-O 7. a3
Bxc3 8. Nxc3 e4 9. d3 exd3 10. Qxd3 d6 11. b4 Ne5 12. Qd4 Be6 13. c5 Nc6 14.
Bxc6 bxc6 15. Bb2 Qe7 16. cxd6 cxd6 17. Rd1 Rfd8 18. O-O a5 19. Ne2 axb4 20.
axb4 Nd5 21. Nf4 Nxf4 22. Qxf4 Qf8 23. Ra1 h6 24. Qd4 c5 25. bxc5 dxc5 26. Qe5
Qe7 27. Rfd1 Rxd1+ 28. Rxd1 Re8 29. Rd6 Qf7 30. Qxc5 Re7 31. Qd4 Rd7 32. f3
Rxd6 33. Qxd6 Qd7 34. Qxd7 Bxd7 35. e4 Kf7 36. Kf2 fxe4 37. fxe4 h5 38. Ke3 Bg4
39. Kf4 g6 40. Kg5 Bf3 41. e5 Bd5 42. Ba3 Be6 1/2-1/2

[Event "East Lansing (MI Op/5/27)"]
[Site "?"]
[Date "1993.??.??"]
[Round "?"]
[White "Kebrdle, M."]
[Black "Robbins, Fred"]
[Result "1-0"]
[WhiteElo "2070"]
[BlackElo "1930"]
[PlyCount "103"]
[EventDate "1993.??.??"]

{5/(27)} 1. Nf3 Nf6 2. c4 g6 3. Nc3 Bg7 4. d4 O-O 5. e4 d6 6. h3 Nc6 7. Be2 e5
8. d5 Ne7 9. Bg5 a6 10. g4 Bd7 11. Nd2 c6 12. a4 cxd5 13. cxd5 Qc7 14. Be3 b5
15. g5 Nh5 16. Bxh5 gxh5 17. Qxh5 bxa4 18. Qd1 f5 19. gxf6 Bxf6 20. Nxa4 Bxa4
21. Rxa4 Rfb8 22. Rc4 Qd7 23. b3 Rc8 24. Qg4+ Qxg4 25. hxg4 Ng6 26. Kd1 Be7 27.
Kc2 Rxc4+ 28. Nxc4 Kg7 29. Ra1 Nh4 30. b4 Ng2 31. Bb6 Kg6 32. Ne3 Nf4 33. b5
Rc8+ 34. Kd2 axb5 35. Rb1 Rb8 36. Rxb5 Bd8 37. Nc4 Bg5 38. Kc3 Bd8 39. Rb2 Bxb6
40. Rxb6 Rxb6 41. Nxb6 Ne2+ 42. Kd3 Nf4+ 43. Ke3 Ng2+ 44. Kf3 Ne1+ 45. Kg3 Nd3
46. Nc8 Nc5 47. Nxd6 Kf6 48. f3 Ke7 49. Nc4 Kf6 50. Kh4 Nd7 51. Kh5 Kg7 52. Kg5
1-0

[Event "Eastpointe (MI Action/2/8)"]
[Site "?"]
[Date "1993.??.??"]
[Round "?"]
[White "Kebrdle, M."]
[Black "Reeves, Andre"]
[Result "1-0"]
[WhiteElo "2045"]
[BlackElo "1735"]
[PlyCount "86"]
[EventDate "1993.??.??"]

{2/(8)} 1. e4 e6 2. d4 d5 3. exd5 exd5 4. Bd3 Nc6 5. Nf3 Bd6 6. c3 Nge7 7. Bg5
f6 8. Bh4 Bg4 9. Nbd2 Qd7 10. Qc2 O-O-O 11. O-O-O g5 12. Bg3 h5 13. h3 Bf5 14.
Bxd6 Bxd3 15. Qxd3 Qxd6 16. g3 a6 17. Rde1 Rde8 18. Re3 g4 19. hxg4 hxg4 20.
Nh4 Kb8 21. Rhe1 Qd7 22. Nb3 b6 23. Qxa6 f5 24. a4 f4 25. Re6 fxg3 26. fxg3 Nf5
27. Rxe8+ Rxe8 28. Rxe8+ Qxe8 29. Nxf5 Qe1+ 30. Kc2 Qf2+ 31. Nd2 Qxf5+ 32. Qd3
Ne7 33. b4 Qf2 34. a5 Nf5 35. axb6 Ne3+ 36. Kb3 Qxg3 37. Qa6 Qd6 38. Qa7+ Kc8
39. b7+ Kd7 40. b8=Q g3 41. Qa4+ Ke7 42. Qbe8+ Kf6 43. Qe5+ Qxe5 1-0

[Event "East Lansing (MOR/6/18)"]
[Site "?"]
[Date "1993.??.??"]
[Round "?"]
[White "Kane, Paul"]
[Black "Stanulis, T."]
[Result "1-0"]
[WhiteElo "1605"]
[BlackElo "1675"]
[PlyCount "63"]
[EventDate "1993.??.??"]

{6/(18)} 1. d4 d5 2. c4 c6 3. cxd5 cxd5 4. Nc3 Bf5 5. Nf3 e6 6. Bf4 Nf6 7. e3
Nbd7 8. Qb3 Qb6 9. Bb5 a6 10. Be2 Qxb3 11. axb3 Bb4 12. O-O O-O 13. Rfc1 Rac8
14. Nh4 Bg6 15. Nxg6 fxg6 16. Na2 Bd2 17. Rd1 Ba5 18. Bd6 Rfe8 19. Rac1 Ne4 20.
Rxc8 Rxc8 21. Ba3 Rc2 22. Bd3 Rd2 23. Rxd2 Nxd2 24. b4 Bc7 25. b5 a5 26. Nc3
Nb6 27. f3 Nbc4 28. e4 Bb6 29. Bc5 Bxc5 30. dxc5 Nxb2 31. c6 Nbc4 32. cxb7 1-0

[Event "Trenton (Mar)"]
[Site "?"]
[Date "1993.??.??"]
[Round "?"]
[White "Kane, Paul"]
[Black "Smeckert, Dennis"]
[Result "1-0"]
[WhiteElo "1605"]
[BlackElo "1605"]
[PlyCount "57"]
[EventDate "1993.??.??"]

1. d4 d5 2. c4 e5 3. dxe5 d4 4. Nf3 Nc6 5. e3 Bb4+ 6. Bd2 dxe3 7. fxe3 Bg4 8.
Be2 Qd7 9. Nc3 O-O-O 10. O-O Bxf3 11. Bxf3 Qxd2 12. Qa4 Qxe3+ 13. Kh1 Nge7 14.
Nd5 Nxd5 15. Bxd5 Qb6 16. Rxf7 Nxe5 17. Rxg7 Kb8 18. Qc2 Qh6 19. Rg3 Rdf8 20.
Qb3 Ng4 21. Rxg4 Qd2 22. a3 Qe2 23. Bf3 Rxf3 24. Qxf3 Qxb2 25. Rf1 Qxa3 26. Qf7
Rf8 27. Rg8 Rc8 28. Rxc8+ Kxc8 29. Qe8# 1-0

[Event "East Lansing (MOR/3/15)"]
[Site "?"]
[Date "1993.??.??"]
[Round "?"]
[White "Kane, Paul"]
[Black "Moore, Robert"]
[Result "1/2-1/2"]
[WhiteElo "1605"]
[BlackElo "1700"]
[PlyCount "76"]
[EventDate "1993.??.??"]

{3/(15)} 1. d4 g6 2. c4 Bg7 3. Nc3 d6 4. e4 Nd7 5. Nf3 e5 6. d5 Ne7 7. Be2 O-O
8. Bg5 f6 9. Be3 Nb6 10. O-O a6 11. Nd2 f5 12. f4 fxe4 13. fxe5 Bxe5 14. Ndxe4
Nf5 15. Bg5 Qe8 16. Qd2 Kg7 17. Rf3 h6 18. Bf4 Bd7 19. Raf1 Bxf4 20. Rxf4 Qe5
21. Bd3 Qd4+ 22. Nf2 Qe3 23. Nce4 Qxd2 24. Nxd2 Rae8 25. Nfe4 Ne3 26. Rxf8 Rxf8
27. Rxf8 Kxf8 28. Nf6 Bf5 29. Bxf5 Nxf5 30. b3 Kf7 31. Nde4 Nd4 32. Kf2 Nc2 33.
Ng4 h5 34. Ne3 Nb4 35. Nc3 Nd3+ 36. Kf3 Nd7 37. Ke4 N3c5+ 38. Kd4 Nf6 1/2-1/2

[Event "Flint (Class DE/1)"]
[Site "?"]
[Date "1993.??.??"]
[Round "?"]
[White "Kane, Paul"]
[Black "Calabria, John"]
[Result "1-0"]
[WhiteElo "1605"]
[BlackElo "1605"]
[PlyCount "99"]
[EventDate "1993.??.??"]

1. d4 d5 2. c4 e6 3. Nc3 Nf6 4. Bg5 Nbd7 5. e3 c6 6. cxd5 Qa5 7. dxe6 fxe6 8.
Nf3 Ne4 9. Qa4 Qxa4 10. Nxa4 b5 11. Nc3 Bb4 12. Rc1 O-O 13. Bd3 Nxg5 14. Nxg5
Nf6 15. a3 Be7 16. Nce4 Nxe4 17. Nxe4 Bb7 18. Nc5 Bxc5 19. Rxc5 Rf6 20. Ke2
Raf8 21. f4 Kh8 22. g4 g5 23. Rxg5 h6 24. Rg6 Rxg6 25. Bxg6 Rg8 26. f5 c5 27.
Rc1 exf5 28. gxf5 c4 29. Kd2 Be4 30. Kc3 a5 31. h4 h5 32. Rd1 Rd8 33. Rg1 Rd5
34. Rg5 Kg7 35. Rxh5 Kf6 36. Rg5 b4+ 37. axb4 axb4+ 38. Kxb4 Rd8 39. Rg4 Rb8+
40. Kxc4 Rc8+ 41. Kb5 Bc6+ 42. Kc4 Bf3+ 43. Kd3 Bxg4 44. e4 Kg7 45. h5 Rb8 46.
Kc3 Rc8+ 47. Kd2 Rb8 48. Kc3 Rc8+ 49. Kd2 Rb8 50. Kc3 1-0

[Event "East Lansing (MOR/5/21)"]
[Site "?"]
[Date "1993.??.??"]
[Round "?"]
[White "Kane, Paul"]
[Black "Blake, J."]
[Result "1-0"]
[WhiteElo "1605"]
[BlackElo "1740"]
[PlyCount "91"]
[EventDate "1993.??.??"]

{5/(21)} 1. d4 d5 2. c4 e6 3. Nc3 f5 4. cxd5 exd5 5. Nf3 Nf6 6. Bf4 Be7 7. e3
O-O 8. Bd3 c6 9. O-O Ne4 10. Rc1 Nd7 11. a3 g5 12. Be5 g4 13. Nd2 Nxe5 14. dxe5
Be6 15. b4 a6 16. Ne2 Bg5 17. Nd4 Re8 18. Qe2 h5 19. f3 gxf3 20. gxf3 Nxd2 21.
Qxd2 Kh8 22. f4 Bh6 23. Nxe6 Rxe6 24. Bxf5 Re8 25. Kh1 Qh4 26. Rf3 Qe7 27. Rg3
Rg8 28. Rcg1 Rxg3 29. Rxg3 Rg8 30. Rxg8+ Kxg8 31. Qg2+ Qg7 32. Qxg7+ Kxg7 33.
Kg2 b6 34. Kf3 Kf7 35. Bd7 c5 36. bxc5 bxc5 37. f5 Ke7 38. Be6 d4 39. exd4 cxd4
40. Ke4 Be3 41. Bc4 a5 42. f6+ Kf8 43. e6 Bg5 44. e7+ Ke8 45. Bb5+ Kf7 46.
e8=Q+ 1-0